The United Nations general assembly and disarmament 1987 /

Збережено в:
Бібліографічні деталі
Співавтори: United Nations, Department for disarmament Affairs
Формат: Текст
Опубліковано: New York: UN
Теги: Додати тег
Немає тегів, Будьте першим, хто поставить тег для цього запису!

MARC

LEADER 00000 a a2200000 04500
001 24528
003
040
090 |a 176100  
110 |a United Nations  
245 |a The United Nations general assembly and disarmament 1987 /  |c United Nations  
260 |a New York:   |b UN  
300 |a 184 p.  
710 |a Department for disarmament Affairs  
999 |c 4266  |d 4266